| 000 | 00572nam a2200217 a 4500 | ||
|---|---|---|---|
| 999 |
_c10501 _d10501 |
||
| 001 | 10501 | ||
| 003 | BD-JhCC | ||
| 005 | 20180430175553.0 | ||
| 008 | 180430s1961 nbu |||| |||| 000 0 eng d | ||
| 035 | _a(BD-JhCC)10501 | ||
| 040 |
_aBD-JhCC _dBD-JhCC |
||
| 041 | _aeng | ||
| 082 |
_a822.33 _bROB 1961 |
||
| 100 | _aRoberts, James L. | ||
| 245 |
_aCoriolanus : _bnotes / _cRoberts, James L. |
||
| 260 |
_aUSA : _bCliff's notes, _c1961 |
||
| 300 |
_a96 p. : _c21 cm. |
||
| 504 | _aInclude bibliography | ||
| 650 | _aCoriolanus (Shakespeare, William) | ||
| 942 |
_2ddc _cBK |
||